[Event "NAYCC U16"]
[Site "Toronto CAN"]
[Date "2013.08.15"]
[Round "2"]
[White "Nasir, Zehn"]
[Black "Ding, Andrew"]
[Result "0-1"]
[WhiteElo "2089"]
[BlackElo "2228"]
[PlyCount "112"]
[GameId "2160767909292490"]
[EventDate "2013.08.14"]
[EventType "swiss"]
[EventRounds "9"]
[EventCountry "CAN"]
[SourceTitle "EXT 2022"]
[Source "ChessBase"]
[SourceDate "2021.10.06"]
[SourceVersion "1"]
[SourceVersionDate "2021.10.06"]
[SourceQuality "1"]

1. e4 c5 2. Nf3 e6 3. d4 cxd4 4. Nxd4 a6 5. Nc3 Qc7 6. Bd3 Nf6 7. O-O Nc6 8. Nxc6 dxc6 9. Be3 e5 10. h3 Bd6 11. a4 b6 12. Qf3 Be6 13. Ne2 O-O 14. Ng3 Rfe8 15. Nf5 Bf8 16. g4 Nd7 17. c3 Nc5 18. Bc2 b5 19. b4 Nd7 20. Qg2 c5 21. bxc5 Bxc5 22. axb5 axb5 23. Rxa8 Rxa8 24. Bd3 Rb8 25. Bd2 Bc4 26. Qf3 Nb6 27. Rd1 Bxd3 28. Qxd3 Rd8 29. Qe2 Qd7 30. Kf1 Nc4 31. Ke1 Nb2 32. Rb1 Nd3+ 33. Kf1 Nxf2 34. Rxb5 Nxe4 35. Be1 g6 36. Ng3 Nxg3+ 37. Bxg3 Qc6 38. Rxc5 Qxc5 39. Qxe5 Qxe5 40. Bxe5 Rd2 41. h4 Kf8 42. Bd4 Ke7 43. Be3 Rd3 44. Bd4 Rh3 45. Kg2 Rxh4 46. Kg3 Rh1 47. Kf4 f6 48. Kg3 h5 49. gxh5 Rxh5 50. Be3 Rd5 51. Kf4 Ke6 52. c4 g5+ 53. Kg4 Rd3 54. Bb6 Rc3 55. c5 Rc4+ 56. Kh5 Kf7 0-1

[Event "NAYCC U16"]
[Site "Toronto CAN"]
[Date "2013.08.15"]
[Round "2"]
[White "Qian, Owen"]
[Black "Wu, Stanley"]
[Result "1-0"]
[WhiteElo "2025"]
[BlackElo "1797"]
[PlyCount "93"]
[GameId "2160767909292491"]
[EventDate "2013.08.14"]
[EventType "swiss"]
[EventRounds "9"]
[EventCountry "CAN"]
[SourceTitle "EXT 2022"]
[Source "ChessBase"]
[SourceDate "2021.10.06"]
[SourceVersion "1"]
[SourceVersionDate "2021.10.06"]
[SourceQuality "1"]

1. d4 d5 2. c4 c6 3. Nf3 Nf6 4. Qc2 dxc4 5. Qxc4 Bf5 6. g3 e6 7. Bg2 Bd6 8. O-O O-O 9. Rd1 h6 10. Qb3 Qc7 11. Nbd2 Qb6 12. Qxb6 axb6 13. Nc4 Bc7 14. Bd2 b5 15. Nce5 Nbd7 16. Bf4 Nxe5 17. Bxe5 Bb6 18. Bxf6 gxf6 19. e3 Rfd8 20. a3 Kf8 21. Bf1 Bg4 22. Kg2 Ke7 23. Bd3 e5 24. h3 Bxf3+ 25. Kxf3 exd4 26. exd4 Rxd4 27. Bc2 Rad8 28. Rxd4 Bxd4 29. Re1+ Kd6 30. b3 c5 31. Bd3 Ra8 32. Bxb5 Rxa3 33. Bc4 b5 34. Bxf7 c4 35. Ke4 Kc5 36. b4+ Kxb4 37. Kxd4 Rd3+ 38. Ke4 Rd7 39. Be6 Rc7 40. Kd4 Ka3 41. Rb1 Ka4 42. Kc3 Ka5 43. Ra1+ Kb6 44. Kb4 Rc6 45. Bd7 Rd6 46. Bxb5 Rd2 47. Ra6+ 1-0

[Event "NAYCC U16"]
[Site "Toronto CAN"]
[Date "2013.08.15"]
[Round "2"]
[White "Song, Edward"]
[Black "Karamsetty, Jeevan"]
[Result "1-0"]
[WhiteElo "2311"]
[BlackElo "2196"]
[PlyCount "91"]
[GameId "2160767909292492"]
[EventDate "2013.08.14"]
[EventType "swiss"]
[EventRounds "9"]
[EventCountry "CAN"]
[SourceTitle "EXT 2022"]
[Source "ChessBase"]
[SourceDate "2021.10.06"]
[SourceVersion "1"]
[SourceVersionDate "2021.10.06"]
[SourceQuality "1"]

1. e4 e5 2. Nf3 Nc6 3. Bb5 a6 4. Ba4 Nf6 5. d3 b5 6. Bb3 Be7 7. O-O d6 8. a4 Rb8 9. axb5 axb5 10. h3 O-O 11. c3 Bb7 12. Nbd2 Ra8 13. Rxa8 Qxa8 14. Re1 Na5 15. Bc2 c5 16. Nf1 Re8 17. Ng3 g6 18. Bg5 Qd8 19. d4 cxd4 20. cxd4 Nc6 21. d5 Nb4 22. Bb1 Nfxd5 23. Bd2 Na6 24. exd5 Bxd5 25. Ne4 Qa8 26. Bg5 Bxe4 27. Bxe4 Qa7 28. Be3 Qc7 29. Qd2 Rc8 30. Ra1 Nc5 31. Rc1 Qb8 32. Bd5 Ne6 33. Bxe6 fxe6 34. Bg5 Bf8 35. Rxc8 Qxc8 36. Bh6 Bxh6 37. Qxh6 e4 38. Nd4 e5 39. Nxb5 Qb8 40. Nc3 Qxb2 41. Qe3 Kf7 42. Nxe4 d5 43. Ng5+ Kg7 44. Qa7+ Kh6 45. Nf7+ Kh5 46. Qe3 1-0

[Event "NAYCC U16"]
[Site "Toronto CAN"]
[Date "2013.08.15"]
[Round "2"]
[White "Song, Terry"]
[Black "Velikanov, Alexander"]
[Result "1/2-1/2"]
[WhiteElo "2171"]
[BlackElo "2332"]
[PlyCount "125"]
[GameId "2160767909292493"]
[EventDate "2013.08.14"]
[EventType "swiss"]
[EventRounds "9"]
[EventCountry "CAN"]
[SourceTitle "EXT 2022"]
[Source "ChessBase"]
[SourceDate "2021.10.06"]
[SourceVersion "1"]
[SourceVersionDate "2021.10.06"]
[SourceQuality "1"]

1. e4 c5 2. Nc3 e6 3. f4 a6 4. Nf3 Nc6 5. g3 d5 6. exd5 exd5 7. Bg2 Nf6 8. O-O d4 9. Ne4 Nxe4 10. Re1 Be7 11. Rxe4 Bg4 12. h3 Be6 13. d3 O-O 14. Bd2 Bf6 15. Re2 Rc8 16. g4 g6 17. f5 gxf5 18. g5 Bg7 19. Nh4 Qd7 20. Rf2 f6 21. g6 Ne7 22. gxh7+ Kxh7 23. Qh5+ Kg8 24. Raf1 b5 25. Nxf5 Nxf5 26. Rxf5 Qf7 27. Qh4 Bxf5 28. Rxf5 Rcd8 29. Be4 Qe6 30. Rxc5 f5 31. Bxf5 Rxf5 32. Qxd8+ Rf8 33. Qd5 Qxd5 34. Rxd5 Rc8 35. c3 dxc3 36. bxc3 Bxc3 37. Rg5+ Kf7 38. Rg2 Bd4+ 39. Kf1 Rc2 40. Bf4 Rc3 41. Rd2 Rc1+ 42. Kg2 Kg6 43. Kf3 Kf5 44. Be3 Be5 45. d4 Bd6 46. h4 Rh1 47. Rg2 Rxh4 48. Rg5+ Kf6 49. Rg4 Rh3+ 50. Ke4 Rh2 51. Kd5 Bb4 52. Rf4+ Ke7 53. Rf2 Rh3 54. Bg5+ Kd7 55. Rf7+ Ke8 56. Ra7 Kf8 57. Ra8+ Kf7 58. Rxa6 Rh5 59. Rf6+ Kg8 60. Rg6+ Kf7 61. Rf6+ Kg8 62. Rg6+ Kf7 63. Rf6+ 1/2-1/2

[Event "NAYCC U16"]
[Site "Toronto CAN"]
[Date "2013.08.15"]
[Round "2"]
[White "Thanabalachandran, Kajan"]
[Black "Sun, Mike"]
[Result "1-0"]
[WhiteElo "1823"]
[BlackElo "2021"]
[PlyCount "95"]
[GameId "2160767909292494"]
[EventDate "2013.08.14"]
[EventType "swiss"]
[EventRounds "9"]
[EventCountry "CAN"]
[SourceTitle "EXT 2022"]
[Source "ChessBase"]
[SourceDate "2021.10.06"]
[SourceVersion "1"]
[SourceVersionDate "2021.10.06"]
[SourceQuality "1"]

1. e4 g6 2. d4 Bg7 3. Nf3 c5 4. c3 cxd4 5. cxd4 d5 6. e5 Nh6 7. Bd3 O-O 8. O-O Nc6 9. h3 Nf5 10. Be3 f6 11. exf6 Bxf6 12. Bxf5 Bxf5 13. Nc3 Qd7 14. Bg5 Bg7 15. Re1 h6 16. Be3 g5 17. Nh2 Nb4 18. Rf1 Bd3 19. Re1 Bg6 20. Rf1 Rad8 21. Qa4 Qxa4 22. Nxa4 Nc2 23. Rad1 b6 24. Nc3 e5 25. Ne2 Nxe3 26. fxe3 Rxf1+ 27. Kxf1 Rf8+ 28. Ke1 Be4 29. g3 exd4 30. exd4 Bg2 31. Nc3 Re8+ 32. Kf2 Bxh3 33. g4 h5 34. gxh5 Be6 35. Nf3 g4 36. Ng5 Bc8 37. Nxd5 Bb7 38. Nc7 Rc8 39. Nge6 Bf6 40. d5 Be5 41. d6 g3+ 42. Kg1 Kh7 43. d7 Rg8 44. d8=Q Rxd8 45. Nxd8 Bf3 46. Rd7+ Kh6 47. Nf7+ Kxh5 48. Nxe5 1-0

[Event "NAYCC U16"]
[Site "Toronto CAN"]
[Date "2013.08.15"]
[Round "2"]
[White "Wang, Jalen"]
[Black "Xu, Grant"]
[Result "0-1"]
[WhiteElo "2167"]
[BlackElo "2284"]
[PlyCount "127"]
[GameId "2160767909292495"]
[EventDate "2013.08.14"]
[EventType "swiss"]
[EventRounds "9"]
[EventCountry "CAN"]
[SourceTitle "EXT 2022"]
[Source "ChessBase"]
[SourceDate "2021.10.06"]
[SourceVersion "1"]
[SourceVersionDate "2021.10.06"]
[SourceQuality "1"]

1. e4 d6 2. b3 Nf6 3. d3 e5 4. f4 exf4 5. Nf3 g6 6. Bxf4 Bg7 7. c3 O-O 8. Be2 a5 9. O-O Na6 10. Qd2 Nc5 11. Bh6 Ne6 12. Bxg7 Kxg7 13. c4 c6 14. Nc3 b5 15. Kh1 b4 16. Nd1 c5 17. Ne3 Bb7 18. Nd5 Nd7 19. Qb2+ f6 20. Ne3 Ne5 21. Rf2 Nxf3 22. Bxf3 a4 23. Raf1 axb3 24. axb3 Nd4 25. Nc2 Nxc2 26. Qxc2 Qe7 27. d4 cxd4 28. Rd1 Rfe8 29. Re2 Qe5 30. h3 Ra3 31. Qd3 Re6 32. Rb1 Bc6 33. Qd2 Qc5 34. Qb2 Re7 35. Rd1 Re6 36. Rxd4 Rxb3 37. Qxb3 Qxd4 38. Qxb4 h5 39. Qb3 Qa1+ 40. Kh2 Qe5+ 41. Kh1 Re7 42. Qd3 Qa1+ 43. Kh2 Qe5+ 44. Kh1 Ra7 45. Re1 f5 46. Qe3 Re7 47. Qg5 fxe4 48. Qxe5+ Rxe5 49. Be2 Kf6 50. Kg1 Ra5 51. Rb1 Ke5 52. Kf2 Bd7 53. Rb8 Be6 54. Rb7 Ra2 55. Ke3 Ra3+ 56. Kf2 Kf4 57. Re7 e3+ 58. Kg1 Ke5 59. g4 Kf6 60. Rc7 Ra2 61. Kf1 Rc2 62. Rc6 Ke5 63. Rc7 Kf4 64. Bd3 0-1

[Event "NAYCC U16"]
[Site "Toronto CAN"]
[Date "2013.08.15"]
[Round "3"]
[White "Ding, Andrew"]
[Black "Song, Edward"]
[Result "0-1"]
[WhiteElo "2228"]
[BlackElo "2311"]
[PlyCount "122"]
[GameId "2160767909292496"]
[EventDate "2013.08.14"]
[EventType "swiss"]
[EventRounds "9"]
[EventCountry "CAN"]
[SourceTitle "EXT 2022"]
[Source "ChessBase"]
[SourceDate "2021.10.06"]
[SourceVersion "1"]
[SourceVersionDate "2021.10.06"]
[SourceQuality "1"]

1. d4 d5 2. c4 c6 3. Nf3 Nf6 4. Nc3 e6 5. Bf4 dxc4 6. g3 b5 7. Bg2 Nd5 8. Bd2 Bb7 9. O-O Be7 10. Ne5 Nd7 11. f4 Nxe5 12. fxe5 c5 13. Nxb5 O-O 14. e4 Nb6 15. Be3 cxd4 16. Qxd4 Qxd4 17. Bxd4 Rfd8 18. Rfd1 Bc6 19. Nd6 Bxd6 20. exd6 f6 21. e5 Bxg2 22. Kxg2 Nd7 23. exf6 gxf6 24. Rac1 e5 25. Be3 Rdc8 26. Rc2 Kf7 27. Rdc1 Rab8 28. Bxa7 Ra8 29. Be3 Rxa2 30. Kf3 Ke6 31. Rxc4 Rxc4 32. Rxc4 Rxb2 33. Rh4 Nf8 34. d7 Rb8 35. Rh6 Rd8 36. Ke4 Rxd7 37. g4 Rg7 38. g5 Rg6 39. gxf6 Rxh6 40. Bxh6 Nd7 41. f7 Nf6+ 42. Kf3 Kxf7 43. Bd2 Ke6 44. Be3 Kf5 45. h3 e4+ 46. Kf2 Nd5 47. Bh6 Nf4 48. Kg3 Nd3 49. Bd2 Ne5 50. Bc3 e3 51. Kh4 Kf4 52. Kh5 Nf7 53. Be1 Kf3 54. h4 e2 55. Ba5 Kf2 56. Kg4 e1=Q 57. Bxe1+ Kxe1 58. h5 Kf2 59. Kf5 Kg3 60. Kf6 Kg4 61. h6 Ng5 0-1

[Event "NAYCC U16"]
[Site "Toronto CAN"]
[Date "2013.08.15"]
[Round "3"]
[White "Jeyapragasan, Kuhan"]
[Black "Nasir, Zehn"]
[Result "0-1"]
[WhiteElo "1768"]
[BlackElo "2089"]
[PlyCount "58"]
[GameId "2160767909292497"]
[EventDate "2013.08.14"]
[EventType "swiss"]
[EventRounds "9"]
[EventCountry "CAN"]
[SourceTitle "EXT 2022"]
[Source "ChessBase"]
[SourceDate "2021.10.06"]
[SourceVersion "1"]
[SourceVersionDate "2021.10.06"]
[SourceQuality "1"]

1. d4 Nf6 2. Nf3 d5 3. e3 c6 4. b3 Bf5 5. Bb2 e6 6. Bd3 Bg6 7. O-O Nbd7 8. Nbd2 Bd6 9. Ne5 Qc7 10. f4 c5 11. Ndf3 Rc8 12. Rc1 a6 13. c4 dxc4 14. Nxc4 Be7 15. Qc2 Nd5 16. Bxg6 hxg6 17. Qe2 O-O 18. Nfe5 b5 19. Nd2 Nxe5 20. dxe5 Qb6 21. e4 Nb4 22. a3 c4+ 23. Kh1 Nd3 24. Rb1 Nxb2 25. bxc4 Na4 26. Rf3 Rfd8 27. cxb5 Nc3 28. Rxc3 Rxc3 29. bxa6 Qxb1+ 0-1

[Event "NAYCC U16"]
[Site "Toronto CAN"]
[Date "2013.08.15"]
[Round "3"]
[White "Karamsetty, Jeevan"]
[Black "Song, Terry"]
[Result "1/2-1/2"]
[WhiteElo "2196"]
[BlackElo "2171"]
[PlyCount "80"]
[GameId "2160767909292498"]
[EventDate "2013.08.14"]
[EventType "swiss"]
[EventRounds "9"]
[EventCountry "CAN"]
[SourceTitle "EXT 2022"]
[Source "ChessBase"]
[SourceDate "2021.10.06"]
[SourceVersion "1"]
[SourceVersionDate "2021.10.06"]
[SourceQuality "1"]

1. e4 c5 2. Nf3 d6 3. d4 cxd4 4. Nxd4 Nf6 5. Nc3 a6 6. Be2 e5 7. Nb3 Be7 8. O-O Be6 9. f4 Qc7 10. Be3 Nbd7 11. Kh1 Rc8 12. Qe1 O-O 13. Qg3 Kh8 14. Rad1 b5 15. a3 Rfe8 16. Nc1 Qb7 17. f5 Bc4 18. Qf3 a5 19. Bd3 b4 20. axb4 axb4 21. Nb1 Bxd3 22. cxd3 d5 23. Nd2 Rc2 24. b3 Nc5 25. Bg5 dxe4 26. dxe4 Rd8 27. Rfe1 h6 28. Bxf6 Bxf6 29. Nc4 Nxe4 30. Rxd8+ Bxd8 31. Nd3 Nf2+ 32. Nxf2 Qxf3 33. gxf3 Rxf2 34. Nxe5 Bf6 35. Nd7 h5 36. Nxf6 gxf6 37. Re3 Rb2 38. h4 Kg7 39. Kg1 Kf8 40. Kf1 Rc2 1/2-1/2

[Event "NAYCC U16"]
[Site "Toronto CAN"]
[Date "2013.08.15"]
[Round "3"]
[White "Li, Robert"]
[Black "Wu, Stanley"]
[Result "1/2-1/2"]
[WhiteElo "1847"]
[BlackElo "1797"]
[PlyCount "155"]
[GameId "2160767909292499"]
[EventDate "2013.08.14"]
[EventType "swiss"]
[EventRounds "9"]
[EventCountry "CAN"]
[SourceTitle "EXT 2022"]
[Source "ChessBase"]
[SourceDate "2021.10.06"]
[SourceVersion "1"]
[SourceVersionDate "2021.10.06"]
[SourceQuality "1"]

1. e4 c6 2. d4 d5 3. Nc3 dxe4 4. Nxe4 Bf5 5. Ng3 Bg6 6. h4 h6 7. Nf3 Nd7 8. h5 Bh7 9. Bd3 Bxd3 10. Qxd3 e6 11. Bf4 Qa5+ 12. Bd2 Bb4 13. Bxb4 Qxb4+ 14. Qc3 Qxc3+ 15. bxc3 Ngf6 16. Rb1 b6 17. Nd2 c5 18. Nde4 cxd4 19. cxd4 Ke7 20. Nxf6 Nxf6 21. Kd2 Rhd8 22. c3 Rd5 23. Kc2 Rc8 24. Kd2 Kf8 25. Rbe1 Ra5 26. Ra1 Rc4 27. Kc2 Rc8 28. a3 e5 29. dxe5 Rxe5 30. Rad1 Rec5 31. Rd3 Ng4 32. Ne4 Ra5 33. f3 Ne5 34. Re3 Nc4 35. Rd3 Nxa3+ 36. Kb3 Nc4 37. Rh2 Ra3+ 38. Kc2 Ke7 39. Ng3 Rc5 40. Rh4 Ra2+ 41. Kc1 Re5 42. Re4 Rxe4 43. fxe4 Rxg2 44. Nf5+ Kf6 45. Rf3 Ke5 46. Nd4 f6 47. Rh3 Kxe4 48. Rh4+ Kd5 49. Nf5 Rg1+ 50. Kc2 a5 51. Rd4+ Kc5 52. Ne7 Rg2+ 53. Kc1 Rg3 54. Rh4 Ne5 55. Ng6 Rg5 56. Nf4 Rg1+ 57. Kc2 a4 58. Nd3+ Kc6 59. Rd4 Rg2+ 60. Kc1 a3 61. Kb1 a2+ 62. Ka1 Kb5 63. Rb4+ Kc6 64. Nb2 Rg5 65. Kxa2 Rxh5 66. c4 Rh3 67. Na4 Rh2+ 68. Ka1 f5 69. Rxb6+ Kc7 70. c5 Rh4 71. Nc3 g5 72. Nd5+ Kd7 73. Rf6 f4 74. Kb2 Rh3 75. Ra6 Nc6 76. Nf6+ Kc7 77. Nd5+ Kd7 78. Nf6+ 1/2-1/2

[Event "NAYCC U16"]
[Site "Toronto CAN"]
[Date "2013.08.15"]
[Round "3"]
[White "Mattekatt, Joe"]
[Black "Bao, Tony Bohan"]
[Result "1/2-1/2"]
[WhiteElo "871"]
[BlackElo "1895"]
[PlyCount "58"]
[GameId "2160767909292500"]
[EventDate "2013.08.14"]
[EventType "swiss"]
[EventRounds "9"]
[EventCountry "CAN"]
[SourceTitle "EXT 2022"]
[Source "ChessBase"]
[SourceDate "2021.10.06"]
[SourceVersion "1"]
[SourceVersionDate "2021.10.06"]
[SourceQuality "1"]

1. d4 Nf6 2. c4 g6 3. Nc3 Bg7 4. Nf3 O-O 5. e3 d6 6. Bd3 Nbd7 7. O-O c5 8. d5 a6 9. e4 Rb8 10. a4 Ng4 11. h3 Nge5 12. Nxe5 Nxe5 13. Be2 Nd7 14. Qc2 Qc7 15. Be3 Nf6 16. Rfd1 Bd7 17. Bf4 b6 18. Rab1 Rfc8 19. b3 Ne8 20. Bd3 Qd8 21. Re1 Qc7 22. Re2 Bd4 23. Rbe1 f6 24. Rd2 Bxc3 25. Qxc3 b5 26. axb5 axb5 27. Rde2 bxc4 28. Bxc4 Bb5 29. e5 Bd7 1/2-1/2

[Event "NAYCC U16"]
[Site "Toronto CAN"]
[Date "2013.08.15"]
[Round "3"]
[White "Polavarapu, Satyaveer"]
[Black "Qian, Owen"]
[Result "0-1"]
[WhiteElo "1186"]
[BlackElo "2025"]
[PlyCount "74"]
[GameId "2160767909292501"]
[EventDate "2013.08.14"]
[EventType "swiss"]
[EventRounds "9"]
[EventCountry "CAN"]
[SourceTitle "EXT 2022"]
[Source "ChessBase"]
[SourceDate "2021.10.06"]
[SourceVersion "1"]
[SourceVersionDate "2021.10.06"]
[SourceQuality "1"]

1. e4 e6 2. Nf3 d5 3. Nc3 Nf6 4. e5 Nfd7 5. d4 c5 6. Bg5 Qb6 7. Bb5 Nc6 8. Bxc6 bxc6 9. Na4 Qa5+ 10. c3 Ba6 11. Nxc5 Nxc5 12. dxc5 Qxc5 13. Be3 Qa5 14. Nd4 c5 15. Nb3 Qb5 16. a4 Qc4 17. Nd2 Qd3 18. Nb3 Qe4 19. Nd2 Qxg2 20. Rf1 Bd3 21. a5 Be7 22. Qf3 Bxf1 23. Nxf1 Qxf3 24. Nd2 Qh1+ 25. Nf1 d4 26. cxd4 cxd4 27. Bxd4 Rd8 28. Rd1 Qe4+ 29. Be3 Rxd1+ 30. Kxd1 O-O 31. Bxa7 Qd3+ 32. Nd2 Bg5 33. Be3 Bxe3 34. fxe3 Rc8 35. a6 Rc2 36. Ke1 Qxd2+ 37. Kf1 Rc1# 0-1

[Event "NAYCC U16"]
[Site "Toronto CAN"]
[Date "2013.08.15"]
[Round "3"]
[White "Qian, Lanting"]
[Black "Sun, Mike"]
[Result "0-1"]
[WhiteElo "1518"]
[BlackElo "2021"]
[PlyCount "84"]
[GameId "2160767909292502"]
[EventDate "2013.08.14"]
[EventType "swiss"]
[EventRounds "9"]
[EventCountry "CAN"]
[SourceTitle "EXT 2022"]
[Source "ChessBase"]
[SourceDate "2021.10.06"]
[SourceVersion "1"]
[SourceVersionDate "2021.10.06"]
[SourceQuality "1"]

1. e4 c5 2. Nf3 d6 3. d4 cxd4 4. Nxd4 Nf6 5. Nc3 g6 6. Be3 Bg7 7. f3 a6 8. Qd2 h5 9. O-O-O Nbd7 10. Be2 b5 11. Nd5 Bb7 12. Nxf6+ Nxf6 13. h3 Qc7 14. g4 Rc8 15. g5 Nd7 16. Nb3 O-O 17. Bd3 Ne5 18. Rhf1 Nc4 19. Bxc4 Qxc4 20. Qd3 Qxd3 21. Rxd3 Rc7 22. Na5 Ba8 23. Rf2 Rb8 24. a3 Kf8 25. Bd4 Rbc8 26. Bb6 Rd7 27. Bd4 Bxd4 28. Rxd4 e5 29. Rd3 Ke7 30. h4 Ke6 31. Rfd2 Rcc7 32. Kd1 d5 33. exd5+ Rxd5 34. c3 Rcd7 35. Ke2 Rxd3 36. Rxd3 Rxd3 37. Kxd3 Bxf3 38. Ke3 Bd5 39. Kf2 Kd6 40. Ke3 Kc5 41. b3 Kb6 42. c4 bxc4 0-1

[Event "NAYCC U16"]
[Site "Toronto CAN"]
[Date "2013.08.15"]
[Round "3"]
[White "Thanabalachandran, Kajan"]
[Black "Wang, Jalen"]
[Result "0-1"]
[WhiteElo "1823"]
[BlackElo "2167"]
[PlyCount "56"]
[GameId "2160767909292503"]
[EventDate "2013.08.14"]
[EventType "swiss"]
[EventRounds "9"]
[EventCountry "CAN"]
[SourceTitle "EXT 2022"]
[Source "ChessBase"]
[SourceDate "2021.10.06"]
[SourceVersion "1"]
[SourceVersionDate "2021.10.06"]
[SourceQuality "1"]

1. e4 e6 2. d4 d5 3. Bd3 dxe4 4. Bxe4 Nf6 5. Bf3 c5 6. Ne2 Be7 7. O-O O-O 8. Nbc3 Nc6 9. Be3 cxd4 10. Nxd4 Bd7 11. Qd2 Qc8 12. Rad1 Ne5 13. Ne4 Nxf3+ 14. Nxf3 Bc6 15. Nxf6+ Bxf6 16. Nd4 Rd8 17. Qe2 Bd5 18. b3 e5 19. Nb5 b6 20. Nxa7 Qb7 21. Nb5 Bxg2 22. Rxd8+ Bxd8 23. Ra1 Bf3 24. Qd2 Qe4 25. h3 Qg6+ 26. Bg5 Bxg5 27. Qd3 e4 28. Qf1 Bf4+ 0-1

[Event "NAYCC U16"]
[Site "Toronto CAN"]
[Date "2013.08.15"]
[Round "3"]
[White "Velikanov, Alexander"]
[Black "Lin, Tony (Juntao)"]
[Result "1/2-1/2"]
[WhiteElo "2332"]
[BlackElo "2204"]
[PlyCount "35"]
[GameId "2160767909292504"]
[EventDate "2013.08.14"]
[EventType "swiss"]
[EventRounds "9"]
[EventCountry "CAN"]

1. d4 Nf6 2. c4 g6 3. Nf3 d5 4. g3 Bg7 5. Bg2 dxc4 6. O-O c6 7. a4 O-O 8. Na3 Na6 9. Nxc4 Be6 10. b3 Bd5 11. Bb2 Rc8 12. Rc1 c5 13. e3 cxd4 14. Nxd4 Bxg2 15. Kxg2 Nc5 16. f3 Nd5 17. Qe2 e6 18. Rcd1 1/2-1/2

[Event "NAYCC U16"]
[Site "Toronto CAN"]
[Date "2013.08.15"]
[Round "3"]
[White "Xu, Grant"]
[Black "Fu, James"]
[Result "1/2-1/2"]
[WhiteElo "2284"]
[BlackElo "2233"]
[PlyCount "136"]
[GameId "2160767909292505"]
[EventDate "2013.08.14"]
[EventType "swiss"]
[EventRounds "9"]
[EventCountry "CAN"]
[SourceTitle "EXT 2022"]
[Source "ChessBase"]
[SourceDate "2021.10.06"]
[SourceVersion "1"]
[SourceVersionDate "2021.10.06"]
[SourceQuality "1"]

1. Nf3 Nf6 2. g3 g6 3. Bg2 Bg7 4. O-O O-O 5. d4 d5 6. c3 b6 7. Nbd2 Bb7 8. a4 a5 9. Ne5 Nbd7 10. Nxd7 Qxd7 11. Qb3 Rfe8 12. Nf3 Ne4 13. Rd1 Rad8 14. Bf4 f6 15. Nd2 Kh8 16. h4 e5 17. dxe5 fxe5 18. Be3 Nf6 19. Bg5 Qe6 20. c4 dxc4 21. Qxc4 Bxg2 22. Kxg2 Rd4 23. Qxe6 Rxe6 24. Rac1 Ne8 25. Nc4 Bf8 26. Be3 Rxd1 27. Rxd1 Nd6 28. Rc1 Kg8 29. Nd2 Re7 30. Rc6 Rd7 31. Nc4 Nxc4 32. Rxc4 c5 33. Kf3 Kf7 34. Ke4 Ke6 35. Rc1 Be7 36. Rh1 h5 37. f3 Rb7 38. Bd2 Rd7 39. Bc3 Bf6 40. e3 c4 41. g4 Rd3 42. g5 Be7 43. Bxe5 Bc5 44. Bd4 Bxd4 45. exd4 Rb3 46. Rc1 Rb4 47. d5+ Kd6 48. Rc3 Rxa4 49. f4 Ra1 50. Rxc4 Re1+ 51. Kd4 Rd1+ 52. Ke3 Kxd5 53. Rc8 Re1+ 54. Kf3 a4 55. Rb8 Rb1 56. Rd8+ Ke6 57. Rf8 Rxb2 58. Rf6+ Ke7 59. Rxg6 a3 60. Rg7+ Ke6 61. Ra7 a2 62. g6 Kf5 63. g7 Rb3+ 64. Kf2 Rb2+ 65. Kg3 Rb3+ 66. Kg2 Rb2+ 67. Kf1 Rb1+ 68. Kf2 Rb2+ 1/2-1/2

[Event "NAYCC U16"]
[Site "Toronto CAN"]
[Date "2013.08.16"]
[Round "4"]
[White "Bao, Tony Bohan"]
[Black "Thanabalachandran, Kajan"]
[Result "1-0"]
[WhiteElo "1985"]
[BlackElo "1823"]
[PlyCount "71"]
[GameId "2160767909292506"]
[EventDate "2013.08.14"]
[EventType "swiss"]
[EventRounds "9"]
[EventCountry "CAN"]
[SourceTitle "EXT 2022"]
[Source "ChessBase"]
[SourceDate "2021.10.06"]
[SourceVersion "1"]
[SourceVersionDate "2021.10.06"]
[SourceQuality "1"]

1. d4 Nf6 2. c4 g6 3. Nc3 Bg7 4. e4 d6 5. Nf3 O-O 6. Be2 e5 7. O-O Nc6 8. d5 Ne7 9. Ne1 Nd7 10. f3 f5 11. g4 f4 12. h4 Kh8 13. Ng2 Bf6 14. Bd2 Ng8 15. Be1 Be7 16. Rc1 c6 17. Bf2 Nh6 18. b4 Nf7 19. dxc6 bxc6 20. b5 cxb5 21. cxb5 Nb6 22. Nd5 Nxd5 23. Qxd5 Bd7 24. Rc3 Qb8 25. Rfc1 Bd8 26. a4 Ba5 27. Rd3 Re8 28. Qxf7 Be6 29. Qf6+ Kg8 30. b6 axb6 31. Nxf4 exf4 32. Bd4 Re7 33. Qxe7 Bf7 34. Rc7 Qe8 35. Qf6 Kf8 36. Qg7# 1-0

[Event "NAYCC U16"]
[Site "Toronto CAN"]
[Date "2013.08.16"]
[Round "4"]
[White "Fu, James"]
[Black "Lin, Tony (Juntao)"]
[Result "1-0"]
[WhiteElo "2233"]
[BlackElo "2204"]
[PlyCount "127"]
[GameId "2160767909292507"]
[EventDate "2013.08.14"]
[EventType "swiss"]
[EventRounds "9"]
[EventCountry "CAN"]
[SourceTitle "hb 2013"]

1. d4 Nf6 2. Nf3 g6 3. g3 Bg7 4. Bg2 d5 5. O-O c6 6. b3 a5 7. a4 O-O 8. Bb2 Na6 9. Nc3 Bf5 10. Re1 Nb4 11. Rc1 Ne4 12. Nxe4 Bxe4 13. Qd2 Na6 14. Bh3 Bf5 15. Bf1 Re8 16. Nh4 Bf6 17. Nxf5 gxf5 18. f4 Nc5 19. e3 Ne4 20. Qg2 Qb6 21. Bd3 Kh8 22. Re2 Rg8 23. Rf1 Rg6 24. Qf3 Rag8 25. Rg2 e6 26. Ba3 Qc7 27. Qe2 Be7 28. Bxe7 Qxe7 29. Bxe4 dxe4 30. Qc4 Qd6 31. Rb1 Rb8 32. Rd2 Qd5 33. Qxd5 cxd5 34. c4 Rgg8 35. cxd5 exd5 36. Rc1 Rgc8 37. Rdc2 Rc6 38. Kf2 Rb6 39. Rc3 Rb4 40. Ke2 Kg7 41. Ra1 b5 42. axb5 R8xb5 43. Ra3 Kg6 44. Kd2 a4 45. bxa4 Ra5 46. Rc6+ f6 47. Kc3 Raxa4 48. Rxa4 Rxa4 49. Kb3 Ra1 50. Kb4 Ra2 51. h4 Re2 52. Rc3 Rg2 53. Kc5 Rxg3 54. Kxd5 Rh3 55. Ke6 Rxh4 56. d5 Rh1 57. d6 Rd1 58. d7 Kh5 59. Rc6 Rxd7 60. Kxd7 Kg4 61. Ke6 h5 62. Kxf6 h4 63. Ke5 h3 64. Rh6 1-0

[Event "NAYCC U16"]
[Site "Toronto CAN"]
[Date "2013.08.16"]
[Round "4"]
[White "Mattekatt, Joe"]
[Black "Karamsetty, Jeevan"]
[Result "0-1"]
[WhiteElo "871"]
[BlackElo "2196"]
[PlyCount "44"]
[GameId "2160767909292508"]
[EventDate "2013.08.14"]
[EventType "swiss"]
[EventRounds "9"]
[EventCountry "CAN"]
[SourceTitle "hb 2013"]

1. d4 d5 2. c4 c6 3. Nc3 Nf6 4. e3 e6 5. Nf3 Be7 6. Bd3 O-O 7. O-O Nbd7 8. a4 c5 9. cxd5 exd5 10. dxc5 Nxc5 11. Qc2 Be6 12. Rd1 Rc8 13. Bf5 Nce4 14. Bxe4 Nxe4 15. Bd2 Bg4 16. Qb3 Bxf3 17. gxf3 Ng5 18. f4 Nf3+ 19. Kg2 Nh4+ 20. Kg1 Qd7 21. Qxd5 Qh3 22. f3 Qg2# 0-1